Odpowiedź zaczyna się na U - Statystyki

Ogólne statystyki
  • Ten quiz został rozwiązany 93 razy
  • Średni wynik to 9 z 14
Statystyki odpowiedzi
opis odpowiedź % Poprawnych
Jest to państwo w Afryce Wschodniej. Jest znane z różnorodnej przyrody, w tym Parku Narodowego Bwindi Impenetrable, gdzie żyją goryle górskie. Uganda
96%
Nagłe wystąpienie zaburzeń neurologicznych, spowodowane przerwaniem dopływu krwi do mózgu. Może mieć różne przyczyny, w tym zakrzepicze lub krwotoczne. Udar
93%
Gazowy olbrzym, siódma od Słońca planeta Układu Słonecznego, trzecia pod względem wielkości i czwarta pod względem masy Uran
91%
Polska tenisistka, siostra Agnieszki Radwańskiej, również znanej polskiej tenisistki - imię. Urszula
88%
Jamajski lekkoatleta, uważany za jednego z najszybszych sprinterów w historii, wielokrotny mistrz olimpijski i świata - imię Usain
76%
Tego słowa używamy, aby nazwać coś, co jest niemożliwe do spełnienia. Też oznacza społeczeństwo idealne i samą ideologię, która ma na celu wcielenie w życie założeń z nim związanym. Utopia
72%
To stolica i największe miasto Mongolii położone w środkowo-wschodniej części kraju, nad rzeką Tuul gol, w dolinie otoczonej czterema masywami górskimi: Bajandzürch, Czingeltej, Songinchajrchan i Bogdchan uul. Ułan Bator
64%
Rząd bezszkieletowych, osiadłych lub półosiadłych koralowców sześciopromiennych żyjących pojedynczo, często intensywnie ubarwionych, z wyraźnymi deseniami. Zwierzęta te często żyją w symbiozie z innymi organizmami. Ukwiał
57%
Amerykańska aktorka znana z ról w filmach takich jak "Pulp Fiction", "Kill Bill" czy "Gattaca" - imię. Uma
57%
Reakcja układu odpornościowego na substancję zwana alergenem, która może prowadzić do różnorodnych objawów, od swędzenia i kataru po reakcje alergiczne typu anafilaktycznego. Uczulenie
51%
Gatunek słodkowodnej ryby z rodziny karpiowatych, czasami nazywanej białorybem. Jest poławiana gospodarczo i przez wędkarzy. Ukleja
40%
To miasto w województwie podkarpackim, siedziba powiatu bieszczadzkiego, położone nad rzeką Strwiąż. Ma najbardziej rozbudowaną infrastrukturę narciarską w woj. podkarpackim, dlatego nazywany jest często zimową stolicą tego województwa. Ustrzyki Dolne
40%
Amerykański piosenkarz, autor tekstów piosenek, producent muzyczny i aktor, znany ze swojego wkładu w muzykę R&B i pop. Jego popularność została zapoczątkowana pod koniec lat 90., wraz z premierą drugiego albumu, My Way i utworu „Nice and Slow”. Usher
33%
Dinozaur z nadrodziny hadrozauroidów (Hadrosauroidea). Żył w okresie kredy dolnej (ok. 110 mln lat temu) na terenach zachodniej Afryki (głównie na pustyniach). Długość ciała wynosiła 7 - 8.3 m, ciężar ok. 4 t. Jego szczątki znaleziono w 1966 r. w Nigrze. Na grzbiecie miał żagiel półmetrowej wysokości. Uranozaur
3%
Nie znaleziono quizów pasujących do podanych kryteriów
Rozkład punktacji
Procent ludzi z każdym wynikiem
Percentyl według liczby udzielonych odpowiedzi
Twoja historia wyników
Nie rozwiązałeś tego quizu